| LEADER |
01821nam0a2200229 450 |
| 001 |
16848427 |
| 010 |
|
|
|a 978-2-7096-7635-9
|b br.
|d 22,9
|
| 100 |
|
|
|a 20260325d2026 u u0frey01 ba
|
| 101 |
1 |
|
|a fre
|c eng
|
| 102 |
|
|
|a FR
|
| 200 |
0 |
|
|a enfermés (Les)
|e Dix erreurs judiciaires, dix combats pour la liberté
|f John Grisham, Jim McCloskey
|g trad. Dominique Defert
|
| 207 |
|
1 |
|a
|
| 210 |
|
|
|a paris
|c Editions du Masque/JC Lattès
|d 2026
|
| 215 |
|
|
|a 1 vol. (410 p.)
|d 23 cm
|
| 225 |
1 |
|
|a Thrillers
|
| 330 |
|
|
|a La présomption d innocence est le principe fondateur du système judiciaire américain. Pourtant, une fois qu une personne a été reconnue coupable, il est très difficile de demander le réexamen de la décision. Les dix affaires relatées dans ces pages ont vu des innocents séparés de leur famille perdre des décennies de leur vie en prison, voire risquer la peine capitale, tandis que les véritables coupables restaient libres. John Grisham et Jim McCloskey racontent les luttes acharnées menées pour réparer l injustice. Ils examinent de près les raisons derrière ces condamnations aveugles, ainsi que le racisme, les fautes professionnelles, les témoignages erronés et la corruption qui rendent leur révision si compliquée.Fruit de recherches implacables et raconté avec un suspense comme seul John Grisham en a le secret, Les Enfermés est l histoire de la reconquête de la liberté quand tout semble perdu d avance.Traduit de l anglais (Etats-Unis) par Dominique Defert
|
| 700 |
|
0 |
|a Grisham
|b John
|c Auteur du texte
|f 1955-....
|4 70
|
| 701 |
|
0 |
|a McCloskey
|b Jim
|c Auteur du texte
|4 70
|
| 702 |
|
0 |
|a Defert
|b Dominique
|c Traducteur
|4 730
|
| 900 |
|
|
|a Roman Policier
|
| 901 |
|
|
|a Accessible au prêt
|
| 995 |
|
|
|a Bibliothèque
|c Bibliothèque
|f 024026104
|h 024026104
|k RP GRI
|o c
|q a
|r az
|e Bibliothèque
|